Statistics for 2023 New York Yankees Opening Day Roster

Click here to take the quiz!

General Stats

  • This quiz has been taken 80 times
  • The average score is 18 of 26

Answer Stats

HintAnswer% Correct
99Aaron Judge
98%
11Anthony Volpe
93%
45Gerrit Cole
92%
48Anthony Rizzo
89%
27Giancarlo Stanton
89%
25Gleyber Torres
89%
28Josh Donaldson
89%
26DJ LeMahieu
82%
0Domingo German
80%
39Jose Trevino
80%
12Isiah Kiner-Falefa
79%
31Aaron Hicks
75%
65Nestor Cortes
75%
35Clay Holmes
74%
95Oswaldo Cabrera
70%
66Kyle Higashioka
69%
34Michael King
66%
36Clarke Schmidt
61%
33
Franchy Cordero
57%
70Jimmy Cordero
57%
58Wandy Peralta
48%
97Ron Marinaccio
46%
84Albert Abreu
44%
43Jonathan Loáisiga
38%
76Jhony Brito
36%
90Estevan Florial
20%

Score Distribution

Percentile by Number Answered

Percent of People with Each Score

Your Score History

You have not taken this quiz